Les vacances des europeens IV-pays-bas

Saved in:
Bibliographic Details
Main Author: Baretje, Rene
Format: Book
Language:French
Published: Paris : centre des hautes etudes touristiques, 1981
Series:Cahiers du tourisme. Serie D ; ; 3
Subjects:
Tags: Add Tag
No Tags, Be the first to tag this record!

MARC

LEADER 00000nam a2200000 i 4500
001 1/19066
008 960621s1981 fre d
035 |l 10021139 
040 |a GR-MY-UA  |b gre  |e aacr 
041 0 |a fre 
082 0 |a 338.4791 
100 1 |a Baretje, Rene. 
245 1 4 |a Les vacances des europeens IV-pays-bas /  |c R.Baretje 
260 |a Paris :   |b centre des hautes etudes touristiques,   |c 1981 
300 |a 38 p. 
490 1 |a Cahiers du tourisme. Serie D  |v ; 3 
500 |a Includes bibliography 
650 0 0 |a Tourism. 
830 0 |a Cahiers du tourisme. Serie D ;  |v ; 3 
852 |a INST  |b CHIOS  |e 19960621  |h 338.4791 BAR  |p 005200007582  |q 005200007582  |t BK  |y 0 
909 |a Χ  |b 032535